Mary, queen of angels : (Record no. 5568)

MARC details
000 -LEADER
fixed length control field 00703nam a22002057a 4500
003 - CONTROL NUMBER IDENTIFIER
control field OSt
005 - DATE AND TIME OF LATEST TRANSACTION
control field 20251106051215.0
008 - FIXED-LENGTH DATA ELEMENTS--GENERAL INFORMATION
fixed length control field 251106b |||||||| |||| 00| 0 eng d
020 ## - INTERNATIONAL STANDARD BOOK NUMBER
International Standard Book Number 1-56731-595-X
040 ## - CATALOGING SOURCE
Original cataloging agency DWCL-Main lib
Transcribing agency OC
082 ## - DEWEY DECIMAL CLASSIFICATION NUMBER
Classification number Circ. 232.91 C752m 1999
100 ## - MAIN ENTRY--PERSONAL NAME
Personal name Connell, J.
245 ## - TITLE STATEMENT
Title Mary, queen of angels :
Remainder of title answers to universal questions
Statement of responsibility, etc. Connell, Janice T.
260 ## - PUBLICATION, DISTRIBUTION, ETC.
Place of publication, distribution, etc. New York :
Name of publisher, distributor, etc. MJF Books,
Date of publication, distribution, etc. c1999
300 ## - PHYSICAL DESCRIPTION
Extent 283 pages :
Dimensions 16 cm.
650 ## - SUBJECT ADDED ENTRY--TOPICAL TERM
Source of heading or term Mary,--Blessed Virgin
650 ## - SUBJECT ADDED ENTRY--TOPICAL TERM
Source of heading or term Mary,--Blessed Virgin, Saint.
650 ## - SUBJECT ADDED ENTRY--TOPICAL TERM
Source of heading or term Saint--Prayers and devotions--English
942 ## - ADDED ENTRY ELEMENTS (KOHA)
Source of classification or shelving scheme Dewey Decimal Classification
Koha item type Book Circulation
Classification part Circ. 232.91 C752m 1999
Call number prefix Circ.
Suppress in OPAC No
952 ## - LOCATION AND ITEM INFORMATION (KOHA)
--
Holdings
Withdrawn status Lost status Source of classification or shelving scheme Damaged status Not for loan Home library Current library Shelving location Date acquired Source of acquisition Total Checkouts Full call number Barcode Date last seen Copy number Price effective from Koha item type Uniform Resource Identifier
    Dewey Decimal Classification     College Library College Library Circulation 12/14/2005 Donation   Circ. 232.91 C752m 1999 CL42586 11/06/2025 c1 11/06/2025 BK-CIRC